|
|
|
|
| LEADER |
02474nam a2200457 a 4500 |
| 001 |
34742 |
| 003 |
BD-DhAAL |
| 005 |
20190623164148.0 |
| 008 |
190619t2013 njua b 001 0deng d |
| 999 |
|
|
|c 40783
|d 40783
|
| 010 |
|
|
|a 2012024142
|
| 020 |
|
|
|a 9780691153629 (hardcover : acidfree paper)
|
| 020 |
|
|
|a 9789350297896 (P-ISBN)
|
| 020 |
|
|
|a 9789350297902 (E-ISBN)
|
| 040 |
|
|
|a DLC
|c DLC
|d BD-DhAAL
|
| 042 |
|
|
|a pcc
|
| 043 |
|
|
|a a-ii---
|a a-pk---
|a az-----
|
| 050 |
0 |
0 |
|a PK2199.H338
|b Z687 2013
|
| 082 |
0 |
0 |
|a 891.43936
|2 23
|
| 100 |
1 |
|
|a Jalal, Ayesha.
|9 32640
|
| 245 |
1 |
4 |
|a The pity of partition :
|b Manto's life, times, and work across the India-Pakistan divide /
|c Ayesha Jalal.
|
| 260 |
|
|
|a Princeton :
|b Princeton University Press,
|c c2013.
|
| 300 |
|
|
|a xv, 265 pages :
|b illustrations ;
|c 24 cm.
|
| 490 |
0 |
|
|a Lawrence Stone lectures
|
| 504 |
|
|
|a Includes bibliographical references (pages 245-47) and index.
|
| 505 |
0 |
|
|a Prelude: Manto and Partition -- I. Stories -- "Knives, Daggers, and Bullets Cannot Destroy Religion" -- Amritsar Dreams of Revolution -- Bombay : Challenges and Opportunities -- II. Memories -- Remembering Partition -- From Cinema City to Conquering Air Waves -- Living and Walking Bombay -- III. Histories -- Partition : Neither End nor Beginning -- On the Postcolonial Moment -- Pakistan and Uncle Sam's Cold War -- Epilogue: "A Nail's Debt" : Manto Lives On...
|
| 526 |
|
|
|a ENH
|
| 541 |
|
|
|a Hye Trade International
|e 34742
|
| 600 |
1 |
0 |
|a Manṭo, Saʻādat Ḥasan,
|d 1912-1955
|x Criticism and interpretation.
|9 32641
|
| 600 |
1 |
0 |
|a Manṭo, Saʻādat Ḥasan,
|d 1912-1955
|x Political and social views.
|9 32642
|
| 600 |
1 |
0 |
|a Manṭo, Saʻādat Ḥasan,
|d 1912-1955
|v Correspondence.
|9 32643
|
| 650 |
|
0 |
|a India-Pakistan Conflict, 1947-1949.
|9 32644
|
| 650 |
|
0 |
|a South Asia
|x History
|y 20th century.
|9 32645
|
| 650 |
|
0 |
|a Authors, Urdu
|y 20th century
|v Biography.
|9 32646
|
| 650 |
|
0 |
|a Short stories, Urdu
|x History and criticism.
|9 32647
|
| 650 |
|
0 |
|a Narration (Rhetoric)
|x Political aspects
|x South Asia
|x History
|y 20th century.
|9 32648
|
| 651 |
|
0 |
|a India
|x History
|y Partition, 1947.
|9 32649
|
| 651 |
|
0 |
|a South Asia
|x In literature.
|9 32650
|
| 852 |
|
|
|a Ayesha Abed Library
|c General Stacks
|
| 942 |
|
|
|2 ddc
|c BK
|
| 952 |
|
|
|0 0
|1 0
|2 ddc
|4 0
|6 891_439360000000000_JAL
|7 0
|9 65560
|a BRACUL
|b BRACUL
|c GEN
|d 2019-06-12
|e Hye Trade International
|g 1170.00
|l 4
|m 25
|o 891.43936 JAL
|p 3010034742
|q 2026-06-02
|r 2026-05-10
|s 2026-05-10
|t 1
|v 1170.00
|w 2019-06-12
|y BK
|